Most Populous 'ING' US Cities Quiz Stats

 Plays Quiz Updated Sep 4, 2021

Support Sporcle.
Go Orange.
Score 0/40 Timer 07:00
7 Plays Today
Pop. City % Correct
689,545Washington
93.6%
62,559Spring
72.1%
322,570Lexington
66%
169,176Springfield
65.7%
155,929Springfield
65.7%
114,394Springfield
65.7%
61,851Springfield
65.7%
478,961Colorado Springs
65.2%
200,733Birmingham
62.2%
394,266Arlington
60.6%
238,643Arlington
60.6%
112,644Lansing
58%
117,116Billings
43.5%
115,451Wilmington
43.2%
70,898Wilmington
43.2%
256,684Irving
39.5%
89,987Bloomington
25.7%
79,168Bloomington
25.7%
78,680Bloomington
25.7%
95,112Reading
25.4%
Pop. City % Correct
81,015Silver Spring
18.4%
72,294Bowling Green
18.3%
134,394Coral Springs
17.3%
134,346Sterling Heights
16.7%
198,711Huntington Beach
16.4%
93,611Redding
14%
84,161Springdale
13.8%
91,482Bellingham
13.6%
108,080Sandy Springs
12%
107,762Inglewood
10.5%
72,362Framingham
9.7%
76,501Wyoming
9%
77,676Arlington Heights
8.1%
215,597Spring Valley
8%
61,176Irvington
6.1%
83,986Farmington Hills
5.2%
73,922Bolingbrook
4.8%
61,637Wellington
4.8%
113,568Spring Hill
4%
71,829Harlingen
3.4%

From the Vault

1-5 Blitz

by Mattyo7

As quick and easy as counting on your fingers.
Remove Ads.
Support Sporcle.
Get the best of Sporcle when you Go Orange. This ad-free experience offers more features, more stats, and more fun while also helping to support Sporcle. Thank you for becoming a member.

Show Comments

Extras

Top Quizzes Today


Score Distribution

Your Account Isn't Verified!

In order to create a playlist on Sporcle, you need to verify the email address you used during registration. Go to your Sporcle Settings to finish the process.

Report this User

Report this user for behavior that violates our Community Guidelines.

Details: